000 00821nam a2200205Ii 4500
003 JO-AjNU
008 230605s9999||||xx |||||||||||||| ||und||
040 _aJO-AjNU
_bara
_erda
_cJO-AjNU
041 _aara
050 1 4 _aLA1491 1997
100 3 _aفتوني،علي عبد,
_eauthor
_952767
245 0 0 _aتطور المؤسسات التربوية في الوطن العربي ودورها في تنمية المجتمع
250 _aط1
264 3 1 _aبيروت: دار الصداقة العربية، 1997
300 _a208ص
336 _atext
_btxt
_2rdacontent
337 _aunmediated
_bn
_2rdamedia
338 _avolume
_bnc
_2rdacarrier
650 4 _aتطور المؤسسات التربوية في الوطن العربي ودورها في تنمية المجتمع-المؤسسات التربوية
_952768
999 _aA23394
_c26962
_d26962